• 首页
  • 本馆介绍
  • 公告通知
  • 最新文献
  • 馆藏检索
  • 电子资源
  • 读者导购
  • 参考咨询
  • 我的图书馆
  • 登录
  • 详细信息显示
  • 放入我的书架
  • 预约/预借图书
  • 作者相关作品
  • 分类相关作品
  • 丛书相关作品
  • 出版社相关作品

书目信息

  • 表格格式
  • 工作单格式
  • 卡片格式
题名:
教育创新途径与趋势
    
 
作者: 杜振武 编写
分册:  
出版信息: 北京   中国人事出版社  1999
页数: 408页
开本: 20cm
丛书名: 学校教育创新理论书系
单 册:
中图分类: G632.46 , G630 , G521
科图分类:
主题词: 学习方法--研究--中小学 , 教育改革--研究--中小学 , 教育事业--世界
电子资源:
ISBN: 7-80139-409-7
000 00928oam2 2200289 450
001 1536773257
005 20150126101316.78
010    @a7-80139-409-7@dCNY24.00
100    @a20001214d1999 em y0chiy0110 ea
101 0  @achi
102    @aCN@b110000
105    @ay z 000yy
200 1  @a教育创新途径与趋势@9jiao yu chuang xin tu jing yu qu shi@f杜振武等编写
210    @a北京@c中国人事出版社@d1999
215    @a408页@d20cm
225 2  @a学校教育创新理论书系
330    @a本书主要研究中小学学习方法的教育创新途径与教育创新趋势两部分,具体内容包括:终身教育,学习策略和英、法、美等国家的教育创新等内容。
461  0 @12001 @a学校教育创新理论书系
606 0  @a学习方法@x研究@x中小学
606 0  @a教育改革@x研究@x中小学
606 0  @a教育事业@x世界
690    @aG632.46@v5
690    @aG630@v5
690    @aG521@v4
701  0 @a杜振武@9du zhen wu@4编写
801  0 @aCN@bTSSF@c20150126
905    @aZUCC@dG521@eJY25
    
    教育创新途径与趋势/杜振武等编写.-北京:中国人事出版社,1999
    408页;20cm.-(学校教育创新理论书系)
    
    
    ISBN 7-80139-409-7:CNY24.00
    本书主要研究中小学学习方法的教育创新途径与教育创新趋势两部分,具体内容包括:终身教育,学习策略和英、法、美等国家的教育创新等内容。
●
相关链接 在E读中查询图书 在五车中查询图书 在当当中查询图书 在豆瓣中查询图书


正题名:教育创新途径与趋势     索取号:G521/JY25         预约/预借

序号 登录号 条形码 馆藏地/架位号 状态 备注
1 7859845   278598457   学院路分馆/ [索取号:G521/JY25] 在馆    
唐山师范学院图书馆 欢迎您!
大连网信软件有限公司© 版权所有